| 000 | 00456nam a2200181Ia 4500 | ||
|---|---|---|---|
| 005 | 20260429111843.0 | ||
| 008 | 260429s9999||||xx |||||||||||||| ||und|| | ||
| 020 | _a9788119160280 | ||
| 041 | _aEnglish | ||
| 082 |
_a330.9 _bHAJ |
||
| 100 | _aHajela, T.N | ||
| 245 | 0 |
_aHistory of economic thought / _cT.N Hajela |
|
| 250 | _a18th ed. | ||
| 260 |
_aNew Delhi : _bAne Books, _c2026. |
||
| 300 | _axix, 1017 p.; hb | ||
| 650 | _aEconomics | ||
| 942 | _cTB | ||
| 999 |
_c51151 _d51151 |
||